| 000 | 00608nam a2200205Ii 4500 | ||
|---|---|---|---|
| 003 | JO-AjNU | ||
| 008 | 230606s9999||||xx |||||||||||||| ||und|| | ||
| 020 | _a0-7356-0904-7 | ||
| 040 |
_aJO-AjNU _beng _erda _cJO-AjNU |
||
| 041 | _aeng | ||
| 050 | 1 | 4 | _aQA76.9.D343.J33.2002 |
| 100 | 3 |
_aTrain,Olap/Jacobson,Reed, _eauthor _91191 |
|
| 245 | 0 | 0 | _aStep by step Microsoft SQLServer2000Analysis Services |
| 264 | 3 | 1 | _aBusiness reply mail:us,2002 |
| 300 | _a379p | ||
| 336 |
_atext _btxt _2rdacontent |
||
| 337 |
_aunmediated _bn _2rdamedia |
||
| 338 |
_avolume _bnc _2rdacarrier |
||
| 650 | 4 |
_aOLAP TECHNOLOGY _91192 |
|
| 999 |
_aE627 _c627 _d627 |
||